| 000 | 00568nam a22002057a 4500 | ||
|---|---|---|---|
| 020 | _a013191877 | ||
| 082 |
_a625.7 _bROE _cN-4 P-231 |
||
| 100 |
_aRoess, Roger P. _918349 |
||
| 245 | _aTraffic Engineering | ||
| 250 | _a3rd | ||
| 260 |
_aUnited Satate of America _c2004 |
||
| 300 |
_axiii, 777 _bill, _c52cm |
||
| 526 |
_a0 _b0 _c0 _d625_700000000000000_ROE |
||
| 526 |
_a0 _b0 _c0 _d625_700000000000000_ROE |
||
| 650 |
_aNUST _96342 |
||
| 650 | _aTraffic Engineering | ||
| 700 |
_aElena S. Prassas _943558 |
||
| 700 |
_aWilliam R. McShane _943559 |
||
| 942 |
_2ddc _cBK |
||
| 999 |
_c547351 _d547351 |
||